Výskum vplyvu teploty na objemovú tvárniteľnosť ľahkých neželezných zliatin
Na minha lista:
| Autor principal: | |
|---|---|
| Outros Autores: | |
| Formato: | Manuscrito Livro |
| Idioma: | eslovaco |
| Publicado em: |
2016
|
| Assuntos: | |
| Acesso em linha: | http://is.stuba.sk/zp/portal_zp.pl?podrobnosti=105828 |
| Tags: |
Sem tags, seja o primeiro a adicionar uma tag!
|
MARC
| LEADER | 00000ntm a22000003a 4500 | ||
|---|---|---|---|
| 001 | stuzp55958 | ||
| 003 | SK-STU | ||
| 005 | 20160719154851.1 | ||
| 007 | ta | ||
| 008 | 150427s2015----xo-----f-mn---000-0-slo-d | ||
| 040 | |a STU |b slo | ||
| 041 | 0 | |a slo | |
| 100 | 1 | |a Duchoslav, Martin |u 063000 |4 aut |U MTF Materiálovotechnologická fakulta |T MTF Ústav výrobných technológií |X 71575 |U M3000 |Y 83 |7 71575 | |
| 242 | 0 | 1 | |a Research on the effect of temperature on the volume of non-ferrous alloys formability light |y eng |
| 245 | 1 | 0 | |a Výskum vplyvu teploty na objemovú tvárniteľnosť ľahkých neželezných zliatin |
| 260 | |c 2016 | ||
| 650 | 4 | |a plasticita |2 slo | |
| 650 | 4 | |a kovateľnosť |2 slo | |
| 650 | 4 | |a horčíková zliatina typu AZ31B |2 slo | |
| 650 | 4 | |a tlaková skúška podľa Žideka |2 slo | |
| 650 | 4 | |a pressure test by Židek |2 eng | |
| 650 | 4 | |a magnesium alloy type AZ31B |2 eng | |
| 650 | 4 | |a forgeability |2 eng | |
| 650 | 4 | |a plasticity |2 eng | |
| 700 | 1 | |a Kapustová, Mária |u 063600 |k Z1 |4 ths |U MTF Ústav výrobných technológií |T MTF Katedra obrábania a tvárnenia |X 209 |U M3600 |Y 841 |7 A000000209 | |
| 856 | 4 | |u http://is.stuba.sk/zp/portal_zp.pl?podrobnosti=105828 | |
| 996 | |c M* BP-7633 |l MMSKP |s P |a 0 |w stuzp55958_0001 | ||
| SQL | |a stuzp55958 |b DBP |c SLO |d Výskum vplyvu teploty na objemovú tvárniteľnosť ľahkých neželezných zliatin |e 71575 |f Duchoslav, Martin |g 063000 |h 209 |i Kapustová, Mária |j 20160621 |k 178 |l 06 |m http://is.stuba.sk/zp/portal_zp.pl?podrobnosti=105828 |n B-VTE |o 5.2.51. výrobné technológie | ||